Education studies: an introduction / (Record no. 1204)
| 000 -LEADER | |
|---|---|
| fixed length control field | 01531nam a22002657a 4500 |
| 003 - CONTROL NUMBER IDENTIFIER | |
| control field | OSt |
| 005 - DATE AND TIME OF LATEST TRANSACTION | |
| control field | 20140116120848.0 |
| 008 - FIXED-LENGTH DATA ELEMENTS--GENERAL INFORMATION | |
| fixed length control field | 130801b xxu||||| |||| 00| 0 eng d |
| 020 ## - INTERNATIONAL STANDARD BOOK NUMBER | |
| International Standard Book Number | 9780335223510 |
| 020 ## - INTERNATIONAL STANDARD BOOK NUMBER | |
| International Standard Book Number | 9780335237630 |
| 050 ## - LIBRARY OF CONGRESS CALL NUMBER | |
| Classification number | LB1025.3.M87 2009 |
| 100 ## - MAIN ENTRY--PERSONAL NAME | |
| Personal name | Murphy, Lisa. |
| 245 ## - TITLE STATEMENT | |
| Title | Education studies: an introduction / |
| Statement of responsibility, etc | Lisa Murphy, Emmanuel Mufti and Derek Kassem. |
| 260 ## - PUBLICATION, DISTRIBUTION, ETC. (IMPRINT) | |
| Place of publication, distribution, etc | Maidenhead, England ; New York : |
| Name of publisher, distributor, etc | Open University Press, |
| Date of publication, distribution, etc | 2009. |
| 300 ## - PHYSICAL DESCRIPTION | |
| Extent | 201 p. |
| Other physical details | Online resource : ill. |
| 504 ## - BIBLIOGRAPHY, ETC. NOTE | |
| Bibliography, etc | Includes bibliographical references and index. |
| 505 ## - FORMATTED CONTENTS NOTE | |
| Formatted contents note | Section 1 Theoretical Perspectives <br/>Chapter 1 What is Education?<br/>Chapter 2 The Struggle for Secondary Education <br/>Chapter 3 Educational Ideologies Section 2 Policy <br/>Chapter 4 An Introduction to Educational Policy <br/>Chapter 5 A Different Schooling? Chapter 6 England Nul Points? Section 3 Society and the Individual <br/>Chapter 7 How People Learn <br/>Chapter 8 Social Factors in Education <br/>Chapter 9 Education: Who Gets What? Section 4 Inside the School <br/>Chapter 10 Early Years Education <br/>Chapter 11 Inclusion: A Special Case for Treatment <br/>Chapter 12 Ideology and the Curriculum |
| 650 ## - SUBJECT ADDED ENTRY--TOPICAL TERM | |
| Topical term or geographic name as entry element | Education |
| 650 ## - SUBJECT ADDED ENTRY--TOPICAL TERM | |
| Topical term or geographic name as entry element | Teaching |
| 650 ## - SUBJECT ADDED ENTRY--TOPICAL TERM | |
| Topical term or geographic name as entry element | Learning |
| 700 ## - ADDED ENTRY--PERSONAL NAME | |
| Personal name | Mufti, Emmanuel. |
| 700 ## - ADDED ENTRY--PERSONAL NAME | |
| Personal name | Kassem, Derek. |
| 856 ## - ELECTRONIC LOCATION AND ACCESS | |
| Uniform Resource Identifier | <a href="http://site.ebrary.com/lib/riara/docDetail.action?docID=10273877&adv.x=1&p00=sociology+of+education&f00=all&p01=%22Educational+Sociology%22&f01=subject">http://site.ebrary.com/lib/riara/docDetail.action?docID=10273877&adv.x=1&p00=sociology+of+education&f00=all&p01=%22Educational+Sociology%22&f01=subject</a> |
| Link text | Click here to access e-book |
| 942 ## - ADDED ENTRY ELEMENTS (KOHA) | |
| Source of classification or shelving scheme | |
| Koha item type | Electronic Book |
No items available.
